000 00536nam a2200181Ia 4500
008 240925s9999 xx 000 0 und d
020 _a9789352602148
082 _a621.395 KAN
100 _aKang, Sung-Mo; Leblebici, Yusuf ; Kim, Chulwoo
245 0 _aCMOS Digital Integrated Circuits
250 _a4th
260 _aNew Delhi:
_bMcGraw Hill Education (India) Private Limited
_c,2015.
300 _axiv, 864p.
_b0
_fOriginal
500 _aIncludes Index
600 _aEngineering Technology
650 _aTechnology
942 _cBK
999 _c14010
_d14010